La homosexualidad en la sociedad moderna / (Record no. 80787)

MARC details
000 -LEADER
campo de control de longitud fija 00668nam a2200193 i 4500
001 - NÚMERO DE CONTROL
campo de control 80787
003 - IDENTIFICADOR DE NÚMERO DE CONTROL
campo de control ES-MaACL
005 - FECHA Y HORA DE LA ÚLTIMA TRANSACCIÓN
campo de control 20240123190858.0
007 - CAMPO FIJO DE DESCRIPCIÓN FÍSICA--INFORMACIÓN GENERAL
campo de control de longitud fija t|
008 - DATOS DE LONGITUD FIJA--INFORMACIÓN GENERAL
campo de control de longitud fija 041029s1973 ag ||||1| spa d
245 03 - MENCIÓN DEL TÍTULO
Título La homosexualidad en la sociedad moderna /
Mención de responsabilidad, etc. Sigmund Freud... [et al.] ; selección de Hendrik M. Ruitenbeek ; [traducción de José Clementi].
260 ## - PUBLICACIÓN, DISTRIBUCIÓN, ETC.
Lugar de publicación, distribución, etc. Buenos Aires :
Nombre del editor, distribuidor, etc. Siglo Veinte,
Fecha de publicación, distribución, etc. [1973]
300 ## - DESCRIPCIÓN FÍSICA
Extensión 372 p. ;
Dimensiones 20 cm.
700 1# - ENTRADA AGREGADA--NOMBRE PERSONAL
Nombre de persona Freud, Sigmund,
Fechas asociadas al nombre 1856-1939
9 (RLIN) 52547
700 1# - ENTRADA AGREGADA--NOMBRE PERSONAL
Nombre de persona Ruitenbeek, Hendrik Marinus.
9 (RLIN) 100587
700 1# - ENTRADA AGREGADA--NOMBRE PERSONAL
Nombre de persona Clementi, José.
9 (RLIN) 39213
852 ## - LOCALIZACIÓN
Ubicación ES-MaACL
Número de control de estantería E-9572
Sublocalización o colección R.94059
Holdings
Estatus retirado Estado de pérdida Estado de daño No para préstamo Biblioteca de origen Biblioteca actual Ubicación en estantería Fecha de adquisición Fuente de adquisición Total de préstamos Signatura topográfica completa Código de barras Visto por última vez Precio de reemplazo Tipo de ítem Koha
        Biblioteca del Ateneo de Madrid Biblioteca del Ateneo de Madrid Depósito 2 17/01/2008     E-9572 1084461 23/02/2023 23/02/2023 Libro impreso